000
00461nam a2200181Ia 4500
008
090124s9999 xx 000 0 und d
082
_b
15670
_a
3974
100
_a
भागवत शशि
245
_a
मर्मभेद
250
_a
1
260
_c
1966
300
_a
237
600
_a
भागवत शशि
630
_a
मर्मभेद
700
_a
भागवत शशि
730
_a
मर्मभेद
942
_c
BOOK
999
_c
129610
_d
129610